000 00721nam a2200229 a 4500
020 _a0889363722 (pbk.)
040 _ca
082 _a634 CEN 1983 A049 Or.
245 0 0 _aLeucaena research in the Asian-Pacific Region :
_bproceedings of a workshop held in Singapore, 23-26 November 1982 /
260 _aOttawa, Canada :
_bThe Centre,
_cc1983
300 _a192 p. :
_bill. ;
_c25 cm
490 1 _aIDRC ;
500 _aAbstracts in English, French, and Spanish
500 _aIncludes index
650 0 _aLeucaena
650 0 _aLead tree
650 0 _aForage plants
650 0 _aTimber
710 2 0 _aNitrogen Fixing Tree Association
710 2 0 _aInternational Development Research Centre (Canada)
942 _cEK
999 _c14350
_d14350